000 00641nam a2200217Ii 4500
003 JO-AjNU
008 230605s9999||||xx |||||||||||||| ||und||
017 _a1993/5135
020 _a977-11-0792-5
040 _aJO-AjNU
_bara
_erda
_cJO-AjNU
041 _aara
050 1 4 _aPJ7862.H68.Q25 1982
100 3 _aتأليف شوقي،أحمد,
_eauthor
_98565
245 0 0 _aمسرحية قمبيز
264 3 1 _aالقاهرة: مكتبة مصر، 1982
300 _a148ص
336 _atext
_btxt
_2rdacontent
337 _aunmediated
_bn
_2rdamedia
338 _avolume
_bnc
_2rdacarrier
650 4 _aالأدب العربي - مسرح
_98566
999 _aA853
_c4421
_d4421